000 00690nam a22001817a 4500
005 20251108164018.0
008 250721s1992 xx 000 0 ara d
082 1 4 _a320.4/عصف
100 1 _aالحسين بن طلال ، ملك الأردن ، 1952،
245 1 0 _aالصيحة الهاشمية :
_bخطب و مقالات و أحاديث جلالة الملك الحسين و سمو الأمير الحسن خلال أزمة الخليج 90-91 /
264 1 _aعمان :
_bالمؤلف،
_c1992.
300 _a509ص.
650 1 7 _aالخطب السياسية
650 1 7 _aحرب الخليج 1991
700 1 _aعصفور، الفرد
_eجمع
942 _2ddc
_cBK
999 _c1387
_d1387